Loading...
Literature - American Literature | 0 | 7 | 0 | 0 | 70 | 45 | 93.14 | 2 | 6 |
Science - Biology | 0 | 5 | 0 | 1 | 50 | 83 | 94.60 | 1 | 5 |
Literature - World Literature | 0 | 3 | 0 | 0 | 30 | 77 | 81.33 | 1 | 3 |
Fine Arts - Other Fine Arts | 0 | 3 | 0 | 0 | 30 | 82 | 90.00 | 2 | 3 |
Other | 0 | 3 | 0 | 0 | 30 | 56 | 92.33 | 1 | 2 |
Mythology | 0 | 3 | 0 | 0 | 30 | 90 | 105.00 | 0 | 2 |
Fine Arts - Classical Music | 0 | 2 | 0 | 0 | 20 | 95 | 104.00 | 1 | 2 |
Literature - European Literature | 0 | 2 | 0 | 0 | 20 | 90 | 100.00 | 0 | 1 |
Science - Chemistry | 0 | 2 | 0 | 0 | 20 | 121 | 122.50 | 0 | 1 |
Literature - British Literature | 0 | 2 | 1 | 0 | 15 | 57 | 88.50 | 1 | 2 |
Science - Physics | 0 | 2 | 1 | 1 | 15 | 106 | 119.50 | 0 | 1 |
Religion | 0 | 1 | 0 | 1 | 10 | 128 | 128.00 | 0 | 0 |
History - Other History | 0 | 1 | 0 | 0 | 10 | 64 | 64.00 | 0 | 1 |
Social Science | 0 | 1 | 0 | 0 | 10 | 102 | 102.00 | 0 | 0 |
Science - Other Science | 0 | 1 | 0 | 0 | 10 | 108 | 108.00 | 0 | 1 |
Fine Arts - Painting & Sculpture | 0 | 1 | 0 | 0 | 10 | 110 | 110.00 | 0 | 1 |
Philosophy | 0 | 1 | 0 | 0 | 10 | 88 | 88.00 | 1 | 1 |
History - American History | 0 | 0 | 1 | 0 | -5 | 0.00 | 0 | 0 |